00385nam a2200121Ia 4500008004100000041000800041082001700049100001800066245011000084260003300194300001900227999001700246241015s9999 xx 000 0 und d aeng a650.0727 SHM aShmueli, Wali aData Mining For Business Analytics: Concepts, Techniques And Applications In Python, An Indian Adaptation bWiley IndiaaNew Delhic2023 a603;. P. 23 cm c41860d41860